| 000 | 00397cam a22001217a 4500 | ||
|---|---|---|---|
| 008 | 180718b1955 xxu||||| |||| 00| 0 eng d | ||
| 082 | _aA81x5451 In2/51/PT2 | ||
| 100 | _aCensus of India 1951 | ||
| 245 | _aHyderabad state district census handbook, Adilabad | ||
| 260 |
_aHyderabad _bBureau of Economics and Statistics _c1955 |
||
| 300 | _a253+p. | ||
| 440 | _aCensus of India 1951. Hyderabad. Part II | ||
| 999 |
_c483741 _d483741 |
||